000 01427nam0a22003011 4500
001 rc\2907400
005 20250529221802.0
035 _a(NLR Aleph) 007058349
090 _a6260090
_c6260090
100 _a20110804d1934 |||y0rusy50 ca
101 0 _arus
102 _aRU
105 _ay z |||||
200 1 _aКак должны работать ясли в колхозах
_fСост. бригадой врачей Ясельного сектора ин-та
_gОтв.: В.Л. Викторова и Р.Я. Сандлер
_gУчаствовали: Р. М. Гольдина, В. А. Кузнецова, З. С. Дыренкова, Е. А. Арышевская
210 _a[Горький]
_cГорьк. краев. изд-во
_d1934
_g[тип.] Полиграф
215 _a32 с., 1 с. "Содержание" на обл.
_d19х13 см
702 1 _aВикторова
_bВ.Л.
_4570
702 1 _aСандлер
_bР.Я.
_4570
702 1 _aГольдина
_bР.М.
_4220
702 1 _aКузнецова
_bВ.А.
_4220
702 1 _aДыренкова
_bЗ.С.
_4220
702 1 _aАрышевская
_bЕ.А.
_4220
710 0 2 _aГорьковский областной научно-исследовательский институт охраны материнства и младенчества
801 0 _aRU
_bNLR
_gpsbo
801 1 _aRU
_bELAR
_2rusmarc
852 _aNLR
_j34-9/4113
942 _cBOOK
980 _aNB